Statistics for Animals in BoJack Horseman

Click here to take the quiz!

General Stats

  • This quiz has been taken 11 times
  • The average score is 12 of 15

Answer Stats

CharactersAnimal% Correct
BoJack, Beatrice, HollyhockHorse
100%
Mr. Peanutbutter, Pickles Aplenty, Captain PeanutbutterDog
100%
Princess Carolyn, Meow Meow Fuzzyface, CopernicusCat
100%
Diane Nguyen, Todd Chavez, Sarah LynnHuman
89%
Ralph Stilton, Stefani Stilton, Mia McKibbenMouse
89%
Mr. Witherspoon, Charley WitherspoonFrog
89%
Rutabaga, MaudeRabbit
89%
Wanda PierceOwl
89%
Neal McBealSeal
89%
Charlotte Carson, Penny CarsonDeer
78%
Tom Jumbo-Grumbo, Skinny Gina, JeremiahWhale
67%
PinkyPenguin
67%
Hank (Uncle Hanky)Hippopotamus
67%
BeccaChicken
67%
Corbin Creamerman, Ziggy AblerGoat
44%

Score Distribution

Percentile by Number Answered

Percent of People with Each Score

Your Score History

You have not taken this quiz